| 000 | 00811nam a2200241 i 4500 | ||
|---|---|---|---|
| 001 | 72737 | ||
| 003 | ES-MaACL | ||
| 005 | 20250807211449.0 | ||
| 007 | t| | ||
| 008 | 040902s1967 sp ||||1| spa d | ||
| 080 | _a173:282 | ||
| 100 | 1 |
_aGössmann, Elisabeth. _959270 |
|
| 245 | 1 | 3 |
_aLa mujer, en la Iglesia y en la sociedad / _cElisabeth Goessmann ; [versión por Dolores Sánchez Aleu]. |
| 260 |
_aMadrid : _bRialp, _c[1967] |
||
| 300 |
_a133 p. ; _c18 cm. |
||
| 490 | 1 |
_aProblemas vivos del cristianismo ; _v3 |
|
| 650 | 4 |
_aFamilias- _xAspectos religiosos. _9172469 |
|
| 650 | 7 |
_aMujeres en la Iglesia Católica _2embne _9155915 |
|
| 700 | 1 |
_aSánchez Aleu, Dolores. _9174488 |
|
| 830 | 1 |
_aProblemas vivos del cristianismo ; _v3 _9187160 |
|
| 852 | 4 |
_aES-MaACL _jC-31937 |
|
| 999 |
_c72737 _d72737 |
||